<?xml version="1.0" encoding="UTF-8"?>
<record
    xmlns:xsi="http://www.w3.org/2001/XMLSchema-instance"
    xsi:schemaLocation="http://www.loc.gov/MARC21/slim http://www.loc.gov/standards/marcxml/schema/MARC21slim.xsd"
    xmlns="http://www.loc.gov/MARC21/slim">

  <leader>02593nab a2200253uuc4500</leader>
  <controlfield tag="001">1473977</controlfield>
  <controlfield tag="005">20240202130325.0</controlfield>
  <controlfield tag="008">170921m05uu2010                    spa  </controlfield>
  <datafield tag="035" ind1=" " ind2=" ">
    <subfield code="a">1473977</subfield>
  </datafield>
  <datafield tag="040" ind1=" " ind2=" ">
    <subfield code="c">comduadb</subfield>
  </datafield>
  <datafield tag="041" ind1=" " ind2=" ">
    <subfield code="a">spa</subfield>
  </datafield>
  <datafield tag="100" ind1="1" ind2="0">
    <subfield code="a">Garc&#xED;a Valencia, Jenny</subfield>
    <subfield code="4">aut</subfield>
    <subfield code="e">aut</subfield>
    <subfield code="9">532939</subfield>
  </datafield>
  <datafield tag="245" ind1="1" ind2="0">
    <subfield code="a">Identificaci&#xF3;n emp&#xED;rica de subtipos cl&#xED;nicos de esquizofrenia</subfield>
  </datafield>
  <datafield tag="520" ind1="3" ind2=" ">
    <subfield code="a">Objetivos: Identificar emp&#xED;ricamente subtipos de esquizofrenia con base en s&#xED;ntomas presentados a lo largo del trastorno y determinar si existen entre &#xE9;stos diferencias en caracter&#xED;sticas sociodemogr&#xE1;ficas y cl&#xED;nicas. M&#xE9;todos: Se obtuvo informaci&#xF3;n cl&#xED;nica de 217 sujetos con esquizofrenia aplicando la Entrevista Diagn&#xF3;stica para Estudios Gen&#xE9;ticos (DIGS). Los ejes de s&#xED;ntomas cl&#xED;nicos de esquizofrenia se identificaron usando an&#xE1;lisis de correspondencias m&#xFA;ltiples y con base en &#xE9;stos se hizo una clasificaci&#xF3;n jer&#xE1;rquica, para determinar los subtipos de individuos con esquizofrenia. Resultados: Se obtuvo una soluci&#xF3;n de tres ejes de s&#xED;ntomas cl&#xED;nicos: (1) delirios y alucinaciones, (2) catat&#xF3;nico y (3) s&#xED;ntomas desorganizados y negativos. Con base en &#xE9;stos, se identificaron cinco subtipos: paranoide sin vivencias de influencia, desorganizado puro, catat&#xF3;nico, desorganizado con alucinaciones y delirios y paranoide con vivencias de influencia. Al comparar con el subtipo 1: el 2 present&#xF3; con mayor frecuencia un inicio temprano del trastorno (OR: 2,64; IC95%: 1,00-6,96) y deterioro grave (OR: 4,12; IC95%: 1,73-9,79); el 3 ten&#xED;a menos comorbilidad con trastorno por uso de sustancias (OR: 0,12; IC95%: 0,01-1,00); y el 4 evidenci&#xF3; un mayor n&#xFA;mero de sujetos con curso continuo (OR: 4,40; IC95%: 1,84&#xAD;10,52) y deterioro grave (OR: 5,34; IC95%: 2,15-13,27). No hab&#xED;a diferencias significativas entre los subtipos 1 y 5. Conclusi&#xF3;n: Se obtuvieron emp&#xED;ricamente cinco subtipos cl&#xED;nicos de esquizofrenia similares a descripciones previas y que tienen diferencias en el curso del trastorno y comorbilidad.</subfield>
  </datafield>
  <datafield tag="650" ind1=" " ind2="7">
    <subfield code="a">Esquizofrenia</subfield>
    <subfield code="2">lemb</subfield>
    <subfield code="9">41950</subfield>
  </datafield>
  <datafield tag="650" ind1=" " ind2=" ">
    <subfield code="a">Investigaci&#xF3;n emp&#xED;rica</subfield>
    <subfield code="9">32112</subfield>
  </datafield>
  <datafield tag="700" ind1="1" ind2="0">
    <subfield code="a">Rodriguez Betancur, Angela Patricia</subfield>
    <subfield code="4">aut</subfield>
    <subfield code="e">aut</subfield>
    <subfield code="9">647807</subfield>
  </datafield>
  <datafield tag="700" ind1="1" ind2="0">
    <subfield code="a">Arbel&#xE1;ez Montoya, Mar&#xED;a Patricia</subfield>
    <subfield code="4">aut</subfield>
    <subfield code="e">aut</subfield>
    <subfield code="9">508951</subfield>
  </datafield>
  <datafield tag="700" ind1="1" ind2="0">
    <subfield code="a">Palacio Acosta, Carlos Alberto</subfield>
    <subfield code="4">aut</subfield>
    <subfield code="e">aut</subfield>
    <subfield code="9">486262</subfield>
  </datafield>
  <datafield tag="700" ind1="1" ind2="0">
    <subfield code="a">Gaviria Ospina, Manuela</subfield>
    <subfield code="4">aut</subfield>
    <subfield code="e">aut</subfield>
    <subfield code="9">768435</subfield>
  </datafield>
  <datafield tag="700" ind1="1" ind2="0">
    <subfield code="a">Ospina Duque, Jorge</subfield>
    <subfield code="4">aut</subfield>
    <subfield code="e">aut</subfield>
    <subfield code="9">274100</subfield>
  </datafield>
  <datafield tag="773" ind1="0" ind2=" ">
    <subfield code="t">Revista Colombiana de Psiquiatr&#xED;a (Bogot&#xE1;)</subfield>
    <subfield code="g">Volumen 39, N&#xFA;mero 01, Marzo 2010, 45-66</subfield>
    <subfield code="w">329827</subfield>
    <subfield code="x">0034-7450</subfield>
    <subfield code="0">114314</subfield>
  </datafield>
  <datafield tag="942" ind1=" " ind2=" ">
    <subfield code="c">ARIMP</subfield>
  </datafield>
  <datafield tag="999" ind1=" " ind2=" ">
    <subfield code="c">765684</subfield>
    <subfield code="d">765684</subfield>
  </datafield>
</record>
